Rambutan image classification using deep learning / (Record no. 234618)

MARC details
000 -LEADER
fixed length control field 00571nam a22001697a 4500
003 - CONTROL NUMBER IDENTIFIER
control field OSt
005 - DATE AND TIME OF LATEST TRANSACTION
control field 20250711113330.0
008 - FIXED-LENGTH DATA ELEMENTS--GENERAL INFORMATION
fixed length control field 250711b |||||||| |||| 00| 0 eng d
040 ## - CATALOGING SOURCE
Transcribing agency AIMIT LIBRARY
100 ## - MAIN ENTRY--PERSONAL NAME
Personal name R B, Sharanya.
Relator term 222119
9 (RLIN) 218228
245 ## - TITLE STATEMENT
Title Rambutan image classification using deep learning /
Statement of responsibility, etc. By Sharanya R B.
260 ## - PUBLICATION, DISTRIBUTION, ETC.
Place of publication, distribution, etc. Mangalore ;
Date of publication, distribution, etc. 2024.
700 ## - ADDED ENTRY--PERSONAL NAME
Personal name Pinto, Jeevan.
Relator term Mentor
9 (RLIN) 218229
700 ## - ADDED ENTRY--PERSONAL NAME
Personal name Kuma, Harish.
Relator term Guide
9 (RLIN) 218230
856 ## - ELECTRONIC LOCATION AND ACCESS
Materials specified Accolade Tech Solutions Private Limited, Mangalore.
Uniform Resource Identifier <a href="www.accoladetechsolutions.com /">www.accoladetechsolutions.com /</a>
942 ## - ADDED ENTRY ELEMENTS (KOHA)
Source of classification or shelving scheme Dewey Decimal Classification
Koha item type Project Report
Holdings
Withdrawn status Lost status Source of classification or shelving scheme Damaged status Not for loan Collection code Home library Current library Date acquired Total Checkouts Barcode Date last seen Copy number Uniform Resource Identifier Price effective from Koha item type
    Dewey Decimal Classification   Not for loan Project Report M.Sc. Data Science St Aloysius Institute of Management & Information Technology St Aloysius Institute of Management & Information Technology 07/30/2024   PDS00019 07/11/2025 222119 www.accoladetechsolutions.com 07/11/2025 Project Report